Skills in Gestalt counselling & psychotherapy

Saved in:
Bibliographic Details
Main Author: JOYCE, Phil
Format: Book
Language:English
Published: Sage Publications 2014
Tags: Add Tag
No Tags, Be the first to tag this record!

MARC

LEADER 00000nam a22000007a 4500
008 201217b ||||| |||| 00| 0 eng d
020 |a 978-1-4462-7587-0 
100 |a JOYCE, Phil. 
245 |a Skills in Gestalt counselling & psychotherapy  |c Phil Joyce & Charlotte Sills  |e Skill in counselling & psychotherapy  |g x, 303p.; ill. 
250 |b 3rd ed. 
260 |b Sage Publications  |c 2014  |h Los Angeles  |i 692761   |i 692762  |l RC489 .G4J84  |m Gestalt therapy. 
500 |a “It includes bibliographical references and index.” 
942 |a lcc  |c BK  |e Adeniran, F. A  |f 17/12/2020 
952 |0 0  |1 0  |2 lcc  |4 0  |6 RC0489 G4 J84  |7 0  |9 692  |a HOL  |b ML  |c QZ  |d 2020-12-17  |l 0  |o RC489 .G4J84  |p 2020-229917  |r 2020-12-17 00:00:00  |w 2020-12-17  |y BK 
952 |0 0  |1 0  |2 lcc  |4 0  |6 RC0489 G4 J84  |7 0  |9 697  |a HOL  |b HOL  |c QZ  |d 2020-12-17  |l 0  |o RC489 .G4J84  |p 2020-229921  |r 2020-12-17 00:00:00  |w 2020-12-17  |y BK 
999 |c 374  |d 374